1956 1107 1387 1174 1531 1312 1793 1142 1296 1833 1369 1229 1451 1681 1264 1210 1357 1645 1511 1504 1652 1662 1446 1771 1068 1651 1703 1978 1308 1467 1714 1792 1995 1815 1254 1547 1136 1352 1011 1325 1727 1519 1856 1584 1155 1736 1729 1941 1964 1228 1074 1124 1984 1793 1599 1076 1093 1756 1091 1111 1391 1115 1374 1843 1811 1555 1846 1095 1155 1825 1005 1079 1495 1046 1175 1833 1005 1686 1004 1718 1600 1701 1953 1275 1684 1863 1000 1788 1778 1082 1994 1519 1864 1379 1734 1683 1371 1779 1180 BCNSPRNW ULIB Ver.6.0+V

เปลี่ยนเป็นภาษาไทย

Change to English
 แสดงรายละเอียดบรรณานุกรม
  กลับหน้าหลัก

Brief Record : Get Marc (ISO 2709) : E-mail record : QR code < ปิดหน้าต่าง
LEADER : 00000nam 2200000uu 4500
001    13399127539
003     ULIB
008    210114s2563||||th 000 0 tha d
020    ^a9786165658744
060    ^aWY159^bว254ก
100    ^aวรรณไพร แย้มมา และสุพัตรา นุตรักษ์
245    ^aการพยาบาลผู้ป่วยเด็กโรคหัวใจ
250    ^aพิมพ์ครั้งที่ 2
260    ^aกรุงเทพมหานคร :^bนีโอดิจิตอล,^c2563
300    ^a137 หน้า^bภาพประกอบ, ตาราง, ภาคผนวก
650    ^aการพยาบาลกุมารเวชศาสตร์
650    ^aเด็กป่วย^xโรคหัวใจ
945    ^p250^l0^i28436
945    ^p250^l0^i28437
945    ^p250^l0^i28438
945    ^p250^l0^i28439
945    ^p250^l0^i28440
945    ^p250^l0^i29552
945    ^p250^l0^i29553
945    ^p250^l0^i29554
999    ^aกัณชพร จุลอักษร
รายการนี้ยังไม่มีแท็ก
คุณยังไม่ได้ล็อกอิน คุณสามารถมีกิจกรรมร่วมกับเว็บไซต์ได้ แต่ต้องล็อกอินก่อน ::
  ล็อกอิน

รายการสื่อสารสนเทศ

ลำดับที่ ประเภท เลขเรียก/บาร์โค้ด สถานที่ สถานะ
1. หนังสือสำรอง
หนังสือสำรอง
WY159 ว254ก ฉ.1 
  Barcode: 28436
ห้องสมุดวิทยาเขตนครสวรรค์
►หนังสือทั่วไป:l:General Books
บนชั้น
2. วิทยาศาสตร์การแพทย์ และสุขภาพ
วิทยาศาสตร์การแพทย์ และสุขภาพ
WY159 ว254ก ฉ.2 
  Barcode: 28437
ห้องสมุดวิทยาเขตนครสวรรค์
►หนังสือทั่วไป:l:General Books
บนชั้น
3. วิทยาศาสตร์การแพทย์ และสุขภาพ
วิทยาศาสตร์การแพทย์ และสุขภาพ
WY159 ว254ก ฉ.3 
  Barcode: 28438
ห้องสมุดวิทยาเขตนครสวรรค์
►หนังสือทั่วไป:l:General Books
บนชั้น
4. วิทยาศาสตร์การแพทย์ และสุขภาพ
วิทยาศาสตร์การแพทย์ และสุขภาพ
WY159 ว254ก ฉ.4 
  Barcode: 28439
ห้องสมุดวิทยาเขตนครสวรรค์
►หนังสือทั่วไป:l:General Books
บนชั้น
5. วิทยาศาสตร์การแพทย์ และสุขภาพ
วิทยาศาสตร์การแพทย์ และสุขภาพ
WY159 ว254ก ฉ.5 
  Barcode: 28440
ห้องสมุดวิทยาเขตนครสวรรค์
►หนังสือทั่วไป:l:General Books
บนชั้น
6. วิทยาศาสตร์การแพทย์ และสุขภาพ
วิทยาศาสตร์การแพทย์ และสุขภาพ
WY159 ว254ก ฉ.6 
  Barcode: 29552
ห้องสมุดวิทยาเขตนครสวรรค์
►หนังสือทั่วไป:l:General Books
บนชั้น
7. วิทยาศาสตร์การแพทย์ และสุขภาพ
วิทยาศาสตร์การแพทย์ และสุขภาพ
WY159 ว254ก ฉ.7 
  Barcode: 29553
ห้องสมุดวิทยาเขตนครสวรรค์
►หนังสือทั่วไป:l:General Books
บนชั้น
8. วิทยาศาสตร์การแพทย์ และสุขภาพ
วิทยาศาสตร์การแพทย์ และสุขภาพ
WY159 ว254ก ฉ.8 
  Barcode: 29554
ห้องสมุดวิทยาเขตนครสวรรค์
►หนังสือทั่วไป:l:General Books
บนชั้น

รายการใกล้เคียง
    ชื่อเรื่อง [การพยาบาลผู้ป่วยเด็กโรคหัวใจ]

    ผู้แต่ง [วรรณไพร แย้มมา และสุพัตรา นุตรักษ์]

    หัวเรื่อง [การพยาบาลกุมารเวชศาสตร์]

BibComment


ยังไม่เคยถูกคอมเมนท์

คอมเมนท์ทรัพยากรรายการนี้
  คอมเมนท์: การพยาบาลผู้ป่วย..


 Copyright 2026. Bcnsprnw @Library